Compendium of the social doctrine of the Church / (Record no. 124)

MARC details
000 -LEADER
fixed length control field 01976cam a2200325 a 4500
001 - CONTROL NUMBER
control field 14264104
003 - CONTROL NUMBER IDENTIFIER
control field OSt
005 - DATE AND TIME OF LATEST TRANSACTION
control field 20230602121923.0
008 - FIXED-LENGTH DATA ELEMENTS--GENERAL INFORMATION
fixed length control field 060213t20052004at 101 0 eng d
010 ## - LIBRARY OF CONGRESS CONTROL NUMBER
LC control number 2006365906
020 ## - INTERNATIONAL STANDARD BOOK NUMBER
International Standard Book Number 996608021
040 ## - CATALOGING SOURCE
Original cataloging agency ANL
Language of cataloging eng
Transcribing agency DLC
Modifying agency DLC
042 ## - AUTHENTICATION CODE
Authentication code lccopycat
082 00 - DEWEY DECIMAL CLASSIFICATION NUMBER
Classification number 261.808828222
Edition number 22
Item number PON
110 2# - MAIN ENTRY--CORPORATE NAME
Corporate name or jurisdiction name as entry element Catholic Church.
Subordinate unit Pontificium Consilium de Iustitia et Pace.
245 10 - TITLE STATEMENT
Title Compendium of the social doctrine of the Church /
Statement of responsibility, etc. Pontifical Council for Justice and Peace.
250 ## - EDITION STATEMENT
Edition statement Ed. for Australia.
260 ## - PUBLICATION, DISTRIBUTION, ETC. (IMPRINT)
Place of publication, distribution, etc. Strathfield, N.S.W. :
Name of publisher, distributor, etc. St Pauls Publications,
Date of publication, distribution, etc. 2005, c2004.
300 ## - PHYSICAL DESCRIPTION
Extent xx, 481 p. ;
Dimensions 24 cm.
500 ## - GENERAL NOTE
General note "Libreria Editrice Vaticana".
500 ## - GENERAL NOTE
General note "Edition for Australia, licensed by the Australian Catholic Bishops Conference"--T.p. verso.
500 ## - GENERAL NOTE
General note "[The compendium] is designed to stand alongside the Catechism of the Catholic Church as an authoritative summary of the Church's teaching on what makes for human flourishing"--Back cover.
504 ## - BIBLIOGRAPHY, ETC. NOTE
Bibliography, etc Included bibliographical footnote references and indexes.
505 0# - FORMATTED CONTENTS NOTE
Formatted contents note Introduction: An integral and soidary humanism -- Part 1. Chapter 1. God's plan of love for humanity -- 2. The Church's mission and social doctrine -- 3. The human person and human rights -- 4. Principles of the church's social doctrine -- Part 2. Chapter 5. The family, the vital cell of society -- 6. Human work -- 7. Economic life -- 8. Political community -- 9. The International community -- 10. Safeguarding the environment -- 11. The promotion of peace -- Part 3. Chapter 12. Social doctrine and the ecclesial action -- Conclusion: For a civilization of love.
610 20 - SUBJECT ADDED ENTRY--CORPORATE NAME
Corporate name or jurisdiction name as entry element Catholic Church
General subdivision Doctrines.
650 #0 - SUBJECT ADDED ENTRY--TOPICAL TERM
Topical term or geographic name as entry element Christian sociology
General subdivision Catholic Church.
906 ## - LOCAL DATA ELEMENT F, LDF (RLIN)
a 7
b cbc
c copycat
d 2
e ncip
f 20
g y-gencatlg
942 ## - ADDED ENTRY ELEMENTS (KOHA)
Source of classification or shelving scheme Dewey Decimal Classification
Koha item type Books
Holdings
Withdrawn status Lost status Source of classification or shelving scheme Damaged status Not for loan Home library Current library Date acquired Total Checkouts Full call number Barcode Date last seen Price effective from Koha item type
    Dewey Decimal Classification     Bunge Tower Library Bunge Tower Library 06/02/2023   261.808828222 PON 10015359 06/02/2023 06/02/2023 Books
LIBRARY OPENING HOURS

When the Parliament is sitting: 8.00a.m - 7.00p.m or until the house adjourns
Mondays and Fridays and when the House is on Recess:  8.00a.m - 5.00p.m
Closed on Weekends and Public Holidays

Online Public Access Catalog (OPAC)
Website: http://www.parliament.go.ke
Bunge Library: https://libraryir.parliament.go.ke
Contact: library@parliament.go.ke | Tel no: (254-2)2221291 or 2848000 Ext 5043